<?xml version="1.0" encoding="UTF-8"?>
<collection xmlns="http://www.loc.gov/MARC21/slim">
 <record>
  <leader>01678nam a22002297a 4500</leader>
  <controlfield tag="001">NCT_59544</controlfield>
  <controlfield tag="008">190216b        xxu||||| |||| 00| 0 vie d</controlfield>
  <datafield tag="999" ind1=" " ind2=" ">
   <subfield code="c">2891</subfield>
   <subfield code="d">2891</subfield>
  </datafield>
  <datafield tag="020" ind1=" " ind2=" ">
   <subfield code="a">9786046710530</subfield>
   <subfield code="c">162000</subfield>
  </datafield>
  <datafield tag="082" ind1="0" ind2="4">
   <subfield code="2">23rd ed.</subfield>
   <subfield code="a">338.09597</subfield>
   <subfield code="b">D513</subfield>
  </datafield>
  <datafield tag="100" ind1="1" ind2=" ">
   <subfield code="a">Phan Xuân Dũng</subfield>
  </datafield>
  <datafield tag="245" ind1="1" ind2="0">
   <subfield code="a">Cách mạng công nghiệp lần thứ tư :</subfield>
   <subfield code="b">Cuộc cách mạng của sự hội tụ và tiết kiệm</subfield>
   <subfield code="c">Phan Xuân Dũng</subfield>
  </datafield>
  <datafield tag="260" ind1=" " ind2=" ">
   <subfield code="a">H.</subfield>
   <subfield code="b">Khoa học và Kỹ thuật</subfield>
   <subfield code="c">2018</subfield>
  </datafield>
  <datafield tag="300" ind1=" " ind2=" ">
   <subfield code="a">247 tr.</subfield>
   <subfield code="c">24cm</subfield>
  </datafield>
  <datafield tag="520" ind1="3" ind2=" ">
   <subfield code="a">Đây là cuộc cách mạng đặc được đặt trưng bởi sự hợp nhất, sự hội tụ đỉnh cao của các lĩnh vực công nghệ in 3D, công nghệ sinh học, công nghệ vật liệu mới, công nghệ tự động hóa, người máy, tích hợp con người-máy móc, ....</subfield>
  </datafield>
  <datafield tag="653" ind1=" " ind2=" ">
   <subfield code="a">Công nghệ Kỹ thuật Ô tô</subfield>
  </datafield>
  <datafield tag="942" ind1=" " ind2=" ">
   <subfield code="2">ddc</subfield>
   <subfield code="c">BK</subfield>
  </datafield>
  <datafield tag="952" ind1=" " ind2=" ">
   <subfield code="0">0</subfield>
   <subfield code="1">0</subfield>
   <subfield code="2">ddc</subfield>
   <subfield code="4">0</subfield>
   <subfield code="6">338_095970000000000_D513</subfield>
   <subfield code="7">0</subfield>
   <subfield code="9">15535</subfield>
   <subfield code="a">000001</subfield>
   <subfield code="b">000001</subfield>
   <subfield code="d">2019-02-16</subfield>
   <subfield code="o">338.09597 D513</subfield>
   <subfield code="p">MD.14262</subfield>
   <subfield code="r">2019-02-16</subfield>
   <subfield code="v">162000.00</subfield>
   <subfield code="w">2019-02-16</subfield>
   <subfield code="y">BK</subfield>
  </datafield>
  <datafield tag="952" ind1=" " ind2=" ">
   <subfield code="0">0</subfield>
   <subfield code="1">0</subfield>
   <subfield code="2">ddc</subfield>
   <subfield code="4">0</subfield>
   <subfield code="6">338_095970000000000_D513</subfield>
   <subfield code="7">0</subfield>
   <subfield code="9">15536</subfield>
   <subfield code="a">000001</subfield>
   <subfield code="b">000001</subfield>
   <subfield code="d">2019-02-16</subfield>
   <subfield code="l">1</subfield>
   <subfield code="o">338.09597 D513</subfield>
   <subfield code="p">MD.14263</subfield>
   <subfield code="r">2019-05-20</subfield>
   <subfield code="s">2019-05-03</subfield>
   <subfield code="v">162000.00</subfield>
   <subfield code="w">2019-02-16</subfield>
   <subfield code="y">BK</subfield>
  </datafield>
  <datafield tag="952" ind1=" " ind2=" ">
   <subfield code="0">0</subfield>
   <subfield code="1">0</subfield>
   <subfield code="2">ddc</subfield>
   <subfield code="4">0</subfield>
   <subfield code="6">338_095970000000000_D513</subfield>
   <subfield code="7">0</subfield>
   <subfield code="9">15537</subfield>
   <subfield code="a">000001</subfield>
   <subfield code="b">000001</subfield>
   <subfield code="d">2019-02-16</subfield>
   <subfield code="o">338.09597 D513</subfield>
   <subfield code="p">MD.14264</subfield>
   <subfield code="r">2019-02-16</subfield>
   <subfield code="v">162000.00</subfield>
   <subfield code="w">2019-02-16</subfield>
   <subfield code="y">BK</subfield>
  </datafield>
  <datafield tag="952" ind1=" " ind2=" ">
   <subfield code="0">0</subfield>
   <subfield code="1">0</subfield>
   <subfield code="2">ddc</subfield>
   <subfield code="4">0</subfield>
   <subfield code="6">338_095970000000000_D513</subfield>
   <subfield code="7">0</subfield>
   <subfield code="9">15538</subfield>
   <subfield code="a">000001</subfield>
   <subfield code="b">000001</subfield>
   <subfield code="d">2019-02-16</subfield>
   <subfield code="o">338.09597 D513</subfield>
   <subfield code="p">MD.14265</subfield>
   <subfield code="r">2019-02-16</subfield>
   <subfield code="v">162000.00</subfield>
   <subfield code="w">2019-02-16</subfield>
   <subfield code="y">BK</subfield>
  </datafield>
  <datafield tag="980" ind1=" " ind2=" ">
   <subfield code="a">Thư viện Trường Đại học Nam Cần Thơ</subfield>
  </datafield>
 </record>
</collection>
